00579cam a22001812 4500001001100000005001700011008004100028020002800069040001500097050001900112245005700131246003400188250001200222260005800234300003300292650003900325700003300364000000471720151217161134.0070528s xx 000 0 eng d a019860758X :cKES 1,340 aKABUcKABU 0aQL9b.D53 199912aA Dictionary of zoology /cedited by Michael Allaby.3 aOxford dictionary of zoology. a2nd ed. aOxford ;aNew York :bOxford University Press,c1999. avi, 597 p. :bill. ;c20 cm. 0aZoologyvDictionaries.@00001554451 aAllaby, Michael.@0000010380